=LDR 00000nam 2200000 4500 =001 INLIS000000000019544 =005 20130612114606 =008 ***********************************Ind** =035 ##$$0010-061300000019544 =041 ##$$a Ind =082 ##$$a 371.1 =090 ##$$a 371.1, Rak b =100 ##$$a Rakhmat, Jalaluddin =245 ##$$a Brlajar cerdas, belajar berbasiskan otak, Jalaluddin Eakhmat =260 ##$$a 2005 $b Bandung =300 ##$$a xx, 288 hlm, 21 cm =650 ##$$a Belajar =850 ##$$a NBPNMAT